LIBRARY ONLINE CATALOGUE

Macroeconomics (Record no. 18315)

MARC details
000 -LEADER
fixed length control field 00420nam a22001577a 4500
008 - FIXED-LENGTH DATA ELEMENTS--GENERAL INFORMATION
fixed length control field 200721b xxu||||| |||| 00| 0 eng d
020 ## - INTERNATIONAL STANDARD BOOK NUMBER
International Standard Book Number 1292215763
050 ## - LIBRARY OF CONGRESS CALL NUMBER
Classification number HB172.5
Item number .W55 2018 c.1
100 ## - MAIN ENTRY--PERSONAL NAME
Personal name Williamson, Stephen D.
245 ## - TITLE STATEMENT
Title Macroeconomics
Statement of responsibility, etc. Stephen D. Williamson
250 ## - EDITION STATEMENT
Edition statement 6th ed.
Remainder of edition statement Global edition
260 ## - PUBLICATION, DISTRIBUTION, ETC. (IMPRINT)
Place of publication, distribution, etc. UK
Name of publisher, distributor, etc. Pearson
Date of publication, distribution, etc. 2018
300 ## - PHYSICAL DESCRIPTION
Extent 731p.
650 ## - SUBJECT ADDED ENTRY--TOPICAL TERM
Topical term or geographic name as entry element Macroeconomics
942 ## - ADDED ENTRY ELEMENTS (KOHA)
Source of classification or shelving scheme Library of Congress Classification
Koha item type General Collection
Holdings
Withdrawn status Lost status Source of classification or shelving scheme Not for loan Home library Current library Date acquired Total Checkouts Total Renewals Full call number Barcode Date last seen Date last checked out Price effective from Koha item type Cost, normal purchase price
    Library of Congress Classification   Kabarak, Main Campus Kabarak, Main Campus 21/07/2020 2 1 HB172.5 .W55 2018 c.1 029267 02/08/2024 27/01/2023 21/07/2020 General Collection  
    Library of Congress Classification   Kabarak, Main Campus Kabarak, Main Campus 21/07/2020 2   HB172.5 .W55 2018 c.2 029268 02/08/2024 09/03/2021 21/07/2020 General Collection 5494.00
    Library of Congress Classification   Kabarak, Main Campus Kabarak, Main Campus 21/07/2020 2   HB172.5 .W55 2018 c.3 029269 02/08/2024 22/02/2021 21/07/2020 General Collection 5494.00